000
00329nam a2200133Ia 4500
008
191201s2009 xx 000 0 und d
100
_a
SHERLEKAR, SA
245
0
_a
Management Value Oriented Holistic
250
_a
Rep
260
_a
N.Delhi
_b
Himalaya Publication House
_c
2009
300
_a
563
650
_a
MBA
942
_2
ddc
_c
BK
999
_c
4313
_d
4313